Wizard101: All Life Spells - Statistics

General Stats
  • This quiz has been taken 36 times
  • The average score is 23 of 48
Answer Stats
Spell % Correct
Centaur
93%
Imp
93%
Leprechaun
93%
Lifeblade
93%
Life Shield
89%
Satyr
89%
Life Trap
85%
Seraph
85%
Fairy
81%
Forest Lord
78%
Sprite
74%
Unicorn
74%
Life Prism
67%
Pixie
67%
Gnomes!
63%
Rebirth
56%
Sanctuary
56%
Nature's Wrath
52%
Dryad
48%
Pigsie
44%
Goat Monk
41%
Minor Blessing
41%
Spinysaur
41%
Spirit Armor
41%
Triage
41%
Calm
37%
Guiding Light
37%
Hungry Caterpillar
37%
Lifespear
37%
Mass Life Prism
37%
Scion of Life
37%
Regenerate
33%
Wings of Fate
33%
Legend Shield
30%
Luminous Weaver
30%
Mass Triage
30%
Sprite Guardian
30%
Guidance
26%
Mega Calm
26%
Guardian Spirit
19%
Namaste
19%
Brilliant Light
15%
Entangle
15%
King Artorious
15%
Sacred Charge
15%
Drain Health
11%
Sir Bedevere
11%
Llamasu
7%
No matching quizzes found
Score Distribution
Percent of People with Each Score
Percentile by Number Answered
Your Score History
You have not taken this quiz